Cómo Shostakovich me salvó la vida /

Bibliographic Details
Main Author: Johnson, Stephen, 1955- (Author)
Other Authors: Hervás, Marina, 1989- (Translator)
Format: Electronic eBook
Language:Spanish
English
Published: Barcelona : Antoni Bosch editor, [2021]
Subjects:
Online Access:Digitalia Hispánica

MARC

LEADER 00000nam a2200000Ii 4500
001 DIGANBSCH0037
003 NyNyDIG
006 m o d
007 cr |||||||||||
008 240103s2021 sp ob 000 0 spa d
035 |a (OCoLC)1281981668 
040 |a DGITA  |b eng  |e rda  |e pn  |c DGITA 
020 |a 9788412176582  |q eBook 
020 |z 9788494997945 
041 1 |a spa  |h eng 
050 1 4 |a ML410.S53 ebook 
082 0 4 |a 780.92  |2 23 
100 1 |a Johnson, Stephen,  |d 1955-  |e author. 
240 1 0 |a How Shostakovich changed my mind.  |l Spanish  |s (Hervás) 
245 1 0 |a Cómo Shostakovich me salvó la vida /  |c Stephen Johnson ; traducción de Marina Hervás. 
264 1 |a Barcelona :  |b Antoni Bosch editor,  |c [2021] 
300 |a 1 online resource. 
336 |a text  |b txt  |2 rdacontent 
337 |a computer  |b c  |2 rdamedia 
338 |a online resource  |b cr  |2 rdacarrier 
347 |a text file  |2 rdaft 
347 |b EPUB 
504 |a Includes bibliographical references. 
588 0 |a Online resource; title from ePub title page (Digitalia, viewed January 3, 2024) 
650 0 |a Music therapy. 
700 1 |a Hervás, Marina,  |d 1989-  |e translator. 
700 1 |i Translation of:  |a Johnson, Stephen,  |d 1955-  |t How Shostakovich changed my mind. 
791 2 |a Digitalia (Firm),  |e distributor. 
793 0 |g Digitalia eBook Collection:  |a Antoni Bosch Editor 
776 0 8 |i Print version:  |a Johnson, Stephen, 1955-  |s How Shostakovich changed my mind. Spanish (Hervás).  |t Cómo Shostakovich me salvó la vida.  |d Barcelona : Antoni Bosch editor, [2021]  |z 9788494997945 
856 4 0 |3 Digitalia Hispánica  |u https://www.digitaliapublishing.com/a/100436/ 
910 |a Premium collection: 2024